Historia de Ibiza. T. IX Corso (Record no. 95834)
[ view plain ]
| 000 -LEADER | |
|---|---|
| campo de control de longitud fija | 00725nam a2200205 i 4500 |
| 001 - NÚMERO DE CONTROL | |
| campo de control | 95834 |
| 003 - IDENTIFICADOR DE NÚMERO DE CONTROL | |
| campo de control | ES-MaACL |
| 005 - FECHA Y HORA DE LA ÚLTIMA TRANSACCIÓN | |
| campo de control | 20251017063056.0 |
| 007 - CAMPO FIJO DE DESCRIPCIÓN FÍSICA--INFORMACIÓN GENERAL | |
| campo de control de longitud fija | t| |
| 008 - DATOS DE LONGITUD FIJA--INFORMACIÓN GENERAL | |
| campo de control de longitud fija | 050606s1959 sp ||||1| spa d |
| 100 1# - ENTRADA PRINCIPAL--NOMBRE DE PERSONA | |
| Nombre de persona | Macabich Llobet, Isidoro, |
| Fechas asociadas al nombre | 1883-1973 |
| 9 (RLIN) | 75047 |
| 245 10 - MENCIÓN DEL TÍTULO | |
| Título | Historia de Ibiza. T. IX Corso |
| Resto del título | : (apéndices) / |
| Mención de responsabilidad, etc. | por Isidoro Macabich Llobet. |
| 260 ## - PUBLICACIÓN, DISTRIBUCIÓN, ETC. | |
| Lugar de publicación, distribución, etc. | Palma de Mallorca : |
| Nombre del editor, distribuidor, etc. | [s.n.], |
| Fecha de publicación, distribución, etc. | 1959 ( |
| Fabricante | Imp. Alfa) |
| 300 ## - DESCRIPCIÓN FÍSICA | |
| Extensión | 209 p., 3 h., lám. XVIII ; |
| Dimensiones | 25 cm. |
| 500 ## - NOTA GENERAL | |
| Nota general | Precede al tít.: Casa de Ibiza. Palma de Mallorca. |
| 651 #4 - PUNTO DE ACCESO ADICIONAL DE MATERIA--NOMBRE GEOGRÁFICO | |
| Nombre geográfico | Ibiza (Isla)- |
| Subdivisión general | Historia. |
| 9 (RLIN) | 168491 |
| 710 2# - ENTRADA AGREGADA--NOMBRE DE ENTIDAD CORPORATIVA | |
| Nombre de entidad corporativa o nombre de jurisdicción como elemento de entrada | Casa de Ibiza (Palma de Mallorca) |
| 9 (RLIN) | 2472 |
| 852 ## - LOCALIZACIÓN | |
| Ubicación | ES-MaACL |
| Número de control de estantería | C-17408 |
| Sublocalización o colección | R.42801 |
| Estatus retirado | Estado de pérdida | Estado de daño | No para préstamo | Biblioteca de origen | Biblioteca actual | Ubicación en estantería | Fecha de adquisición | Fuente de adquisición | Total de préstamos | Signatura topográfica completa | Código de barras | Visto por última vez | Precio de reemplazo | Tipo de ítem Koha |
|---|---|---|---|---|---|---|---|---|---|---|---|---|---|---|
| Biblioteca del Ateneo de Madrid | Biblioteca del Ateneo de Madrid | Galería | 17/01/2008 | C-17408 | 1100067 | 23/02/2023 | 23/02/2023 | Libro impreso |
